Graz Straßenbahn Stationen - Statistiken

Allgemein
  • Dieses Quiz wurde 96 mal gespielt
  • Das Durchschnittsergebnis liegt bei 69 aus 149
Antwortstatistiken
Linien Antworten % Korrekt
6 Daungasse/Hauptbahnhof
94%
1 | 4 | 6 | 7 Hauptbahnhof
94%
1 | 3 | 4 | +3 others Jakominiplatz
92%
1 | 3 | 4 | +3 others Hauptplatz/Congress
90%
1 Eggenberg/UKH
75%
1 | 4 | 6 | 7 Südtiroler Platz/Kunsthaus
75%
3 | 5 Andritz
73%
1 Mariatrost
73%
1 | 4 | 6 | 7 Esperantoplatz/Arbeiterkammer/tim
71%
4 | 5 Finanzamt
65%
1 | 7 Kaiser-Josef-Platz/Oper
65%
1 | 4 | 6 | 7 Roseggerhaus
60%
6 Smart City/Peter-Tunner-Gasse/tim
60%
6 St. Peter
60%
3 | 6 Dietrichsteinplatz
58%
4 Fröhlichgasse/Messe
58%
1 | 7 Merangasse
58%
1 Hilmteich/Botanischer Garten
56%
3 | 5 Schloßbergbahn
56%
3 | 5 Schloßbergplatz/Murinsel
56%
4 | 7 Alte Poststraße
54%
3 Krenngasse
54%
7 Wetzelsdorf
54%
1 | 4 | 6 | 7 Köflacher Gasse/PVA
52%
4 | 5 Steyrergasse
52%
3 | 5 Keplerbrücke
50%
1 | 7 Lichtenfelsgasse/Kunstuniversität
50%
1 | 7 Reiterkaserne
50%
3 | 5 Lange Gasse
48%
4 Reininghaus
48%
3 Herz-Jesu-Kirche
44%
4 | 5 Jakominigürtel/tim
44%
1 | 7 Maiffredygasse
44%
1 Mariagrün
44%
7 Odilien-Institut/Klinikum Süd
44%
4 Ostbahnhof
44%
7 Eggenberger Allee/tim
42%
3 | 5 Maut Andritz
42%
3 | 5 Hasnerplatz/Pädag. Hochschule/tim
40%
4 Liebenau Murpark
40%
6 Neue Technik
40%
5 Puntigam Bahnhof
40%
3 Schillerplatz/tim
40%
7 St. Leonhard/Klinikum Mitte
40%
5 Zentralfriedhof
40%
7 LKH Med Uni/Klinikum Nord
38%
1 Schloss Eggenberg
38%
6 Schulzentrum St. Peter
38%
4 Stadion Liebenau/b-v-Suttner-Platz
38%
5 Brauquartier/tim
35%
7 Fachhochschule Joanneum
35%
1 Lenaugasse
35%
3 | 5 Carnerigasse
33%
6 Moserhofgasse
33%
6 St. Peter Friedhof
33%
3 Mandellstraße
31%
4 Stadthalle
31%
5 Brauhaus Puntigam
29%
3 | 5 Grazer Straße
29%
5 Neuholdaugasse/Augartenbad
29%
4 P+R Murpark
29%
3 | 5 Senior:innenzentrum
29%
1 Tegetthofplatz
29%
1 Vinzenzgasse
29%
7 Baierdorf
27%
1 Georgigasse
27%
4 Jochen-Rindt-Platz
27%
5 Puchstraße
27%
1 Rettenbach
27%
1 Alt-Eggenberg
25%
5 Josefkirche
25%
5 Karlauer Gürtel
25%
1 Schönbrunngasse
25%
1 Teichhof
25%
1 Waldhof/Rettenbachklamm
25%
6 Dreierschützengasse/H.-List-Halle
23%
5 Maut Puntigam
23%
4 Reininghauspark/tim
23%
1 St. Johann
23%
6 Eisteichgasse
21%
4 Jauerburggasse
21%
1 Kroisbach
21%
5 Lauzilgasse
21%
5 Plachelhofstraße
21%
4 Reininghausstraße
21%
1 Asperngasse
19%
6 Münzgrabenkirche
19%
6 Plüddemanngasse
19%
3 Rechbauerstraße
19%
1 Tannhof
19%
1 Auster Sport- und Wellnessbad
17%
4 Dr.-Lister-Gasse
17%
3 | 5 Robert-Stolz-Gasse
17%
7 Karl-Morre-Straße
15%
1 Wagnesweg
15%
5 Dornschneidergasse
13%
6 Nikolaus-Harnoncourt-Park
13%
6 Prof.-Franz-Spath-Ring
13%
6 Starhemberggasse
10%
7 Absengerstraße
8%
6 Breitenweg
8%
7 Johann-Haiden-Straße
8%
4 Karl-Huber-Gasse
6%
Keine übereinstimmenden Quizze gefunden
Verteilung der Resultate
Anzahl Personen mit jedem Resultat
Perzentil nach korrekt beantworteten Fragen
Ihre Resultats-Entwicklung
Sie haben dieses Quiz noch nicht gespielt